000 02106nam0a2200373 4500
001 RU\NLR\BIBL_A\022612403
005 20260420052715.0
010 _a978-5-392-44178-5
_95000
021 _aRU
_bКН-П-25-040838
_9КН-П-25-3974
035 _a(NLR Aleph) 022612403
090 _a13683270
_c13683270
100 _a20250829d2025 u y0rusy50 ca
101 0 _arus
102 _aRU
105 _aa z 000zy
181 0 _ai3
_baxxe
181 0 _ab2
_bxb2e
182 0 _an
200 1 _aА. С. Пушкин. Евгений Онегин
_eкраткое содержание, анкеты и профили героев, сюжетные и любовные линии
_fтекст: Л. В. Рожников
_gиллюстрации Игоря Шаймарданова
203 _aТекст
_aИзображение
_bвизуальные
_cнепосредственные
210 _aМосква
_cПроспект
_d2025
215 _a71, [1] с.
_cцв. ил.
_d21
_e1 отд. л. закл.
225 1 _aВсе женихи и невесты, злодеи, герои и душнилы мировой литературы
333 _a12+
604 _1700#1$aПушкин$bА.С.$gАлександр Сергеевич$f1799 - 1837
_1500##$a"Евгений Онегин"$jУчебные издания для средней школы$2nlr_sh1$2nlr_sh2$3RU\NLR\AUTH\66935384
_aПушкин, Александр Сергеевич (1799 - 1837)
_t"Евгений Онегин"
_jУчебные издания для средней школы
_92030650
_3RU\NLR\AUTH\66935384
686 2 _aШ5(2=Р)51-4Пушкин535
702 1 _4070
_7ca
_8rus
_aПушкин
_bА. С.
_cпоэт
_f1799-1837
_gАлександр Сергеевич
_9110441
_3RU\NLR\AUTH\77386
702 1 _aРожников
_bЛ. В.
_f1973-
_gЛеонид Владимирович
_4770
702 1 _aШаймарданов
_bИ. Д.
_f1964-
_gИгорь Дмитриевич
_4440
942 _cBOOK
980 _aNB